[Event "BRA-ch sf"]
[Site "Sao Paulo"]
[Date "2006.??.??"]
[Round "7"]
[White "Santos Neto, Francisco Jose"]
[Black "Molina, Roberto Junio Brito"]
[Result "0-1"]
[WhiteElo "2192"]
[BlackElo "2298"]
[PlyCount "62"]
[EventDate "2006.??.??"]
[EventType "swiss"]
[EventRounds "7"]
[EventCountry "BRA"]
[SourceTitle "EXT 2008"]
[Source "ChessBase"]
[SourceDate "2007.11.25"]
[SourceVersion "1"]
[SourceVersionDate "2007.11.25"]
[SourceQuality "1"]

1. Nf3 f5 2. e4 fxe4 3. Ng5 d5 4. d3 Qd6 5. dxe4 h6 6. Nf3 dxe4 7. Nfd2 Nf6 8. Qe2 Bg4 9. Qe3 Nc6 10. Bb5 Bf5 11. Nc3 0-0-0 12. Bxc6 Qxc6 13. 0-0 Kb8 14. Nb3 e6 15. Qe2 Bd6 16. Be3 Bg4 17. f3 exf3 18. gxf3 Bh3 19. Na5 Qe8 20. Rf2 Qh5 21. b4 Kc8 22. Nb5 a6 23. Na7+ Kd7 24. Nxb7 Rb8 25. Nxd6 cxd6 26. Qxa6 Nd5 27. Qa4+ Ke7 28. Nc6+ Kf8 29. Nxb8 Nxe3 30. Qa5 Qg6+ 31. Kh1 Bg2+ 0-1

[Event "Carilo Magistral 2nd"]
[Site "Carilo"]
[Date "2005.04.06"]
[Round "2"]
[White "Santos Neto, Francisco Jose"]
[Black "Dolezal, Cristian"]
[Result "1/2-1/2"]
[WhiteElo "2209"]
[BlackElo "2405"]
[PlyCount "64"]
[EventDate "2005.04.05"]
[EventType "tourn"]
[EventRounds "9"]
[EventCountry "ARG"]
[EventCategory "3"]
[SourceTitle "CBM 105 Extra"]
[Source "ChessBase"]
[SourceDate "2005.05.01"]
[SourceVersion "1"]
[SourceVersionDate "2005.05.01"]
[SourceQuality "1"]

1. e4 Nc6 2. Nc3 e6 3. g3 d5 4. Bg2 d4 5. Nb1 e5 6. d3 Be6 7. a3 Qd7 8. h3 Bd6 9. Ne2 h5 10. f4 f6 11. f5 Bf7 12. Nd2 0-0-0 13. Nf3 g6 14. Nh4 Nge7 15. 0-0 Rdg8 16. Bd2 gxf5 17. exf5 e4 18. Bxe4 Nd5 19. Kh2 Be5 20. Bxd5 Bxd5 21. Nf4 Ne7 22. Nfg6 Nxg6 23. fxg6 Rxg6 24. Bf4 Rxg3 25. Kxg3 Rg8+ 26. Kh2 Qf5 27. Qd2 Qg5 28. Qf2 Qxh4 29. Qxh4 Rg2+ 30. Kh1 Rg4+ 31. Kh2 Rg2+ 32. Kh1 Rg4+ 1/2-1/2

[Event "BRA-ch sf2"]
[Site "Vitoria"]
[Date "2004.09.??"]
[Round "3"]
[White "De Souza Haro, Paulo Cezar"]
[Black "Santos Neto, Francisco Jose"]
[Result "1-0"]
[WhiteElo "2258"]
[BlackElo "2163"]
[PlyCount "83"]
[EventDate "2004.09.04"]
[EventType "swiss"]
[EventRounds "7"]
[EventCountry "BRA"]
[SourceTitle "EXT 2022"]
[Source "ChessBase"]
[SourceDate "2021.10.06"]
[SourceVersion "1"]
[SourceVersionDate "2021.10.06"]
[SourceQuality "1"]

1. d4 Nf6 2. Nc3 b6 3. e4 d6 4. f4 e5 5. dxe5 dxe5 6. Qxd8+ Kxd8 7. fxe5 Ng4 8. Bf4 Bc5 9. 0-0-0+ Bd7 10. Nh3 h6 11. Bc4 Be3+ 12. Kb1 Bxf4 13. Nxf4 Nxe5 14. Bb3 c6 15. Nd3 Nxd3 16. Rxd3 Ke7 17. Rf1 Rf8 18. Rdf3 Be6 19. Bxe6 Kxe6 20. Ne2 Nd7 21. Nd4+ Ke5 22. Nxc6+ Kd6 23. Nd4 g6 24. Rxf7 Ke5 25. Nf3+ Ke6 26. Rxf8 Rxf8 27. Kc1 Rf4 28. Re1 a5 29. Kd2 Nc5 30. e5 g5 31. c3 Kd5 32. h3 a4 33. Re3 b5 34. e6 Nxe6 35. Re5+ Kd6 36. Rxb5 Kc6 37. Rb8 h5 38. Rg8 Rf5 39. Rg6 Kd7 40. Rxe6 g4 41. hxg4 hxg4 42. Nd4 1-0